000 00707cam a2200145ua 4500
041 _aeng
_h
082 _a631.372
_bIND/ME
110 1 _aIndian Standards Institution .
_b
_c()
245 _aMethods for determination of maximum travel speed of agricultural wheeled tractors, IS10274-1982 /
_cIndian Standards Institution.
_hTextual Documents
260 _aNew Delhi :
_bIndian Standards Institution ,
_c1982.
300 _a4 ; .
504 _a
942 _cBK
999 _c7964
_d7964